| 000 | 00604nam a2200229Ia 4500 | ||
|---|---|---|---|
| 003 | OSt | ||
| 005 | 20220925223409.0 | ||
| 006 | a|||||r|||| 00| 0 | ||
| 007 | ta | ||
| 008 | 220923b |||||||| |||| 00| 0 eng d | ||
| 037 | _cGeneral Book | ||
| 040 |
_aRTL _cRTL _beng |
||
| 041 |
_2eng _aeng |
||
| 082 | _aX, L8;N6 | ||
| 100 |
_aRima Ingrid Hahne _9270717 |
||
| 245 | 0 | _aDevelopment of economic analysis | |
| 250 | _aFifth Edition | ||
| 260 |
_aLondon _bRoutledge |
||
| 300 |
_axvi,603p _ccm. |
||
| 942 |
_hX, L8;N6 _cGB _2CC |
||
| 999 |
_c579439 _d579439 |
||